අධ්යාපන ප්රවෘත්ති - ජනවාරි 1936 දෙසැම්බර් 1936 කාණ්ඩ 12 (Record no. 218921)
[ view plain ]
| 000 -LEADER | |
|---|---|
| fixed length control field | 00870nam a22002177a 4500 |
| 003 - CONTROL NUMBER IDENTIFIER | |
| control field | LK-CoDNM |
| 005 - DATE AND TIME OF LATEST TRANSACTION | |
| control field | 20241010150533.0 |
| 008 - FIXED-LENGTH DATA ELEMENTS--GENERAL INFORMATION | |
| fixed length control field | 241010b |||||||| |||| 00| 0 eng d |
| 040 ## - CATALOGING SOURCE | |
| Original cataloging agency | LK-CoDNM |
| Modifying agency | LK-CoDNM |
| Description conventions | LK-CoDNM |
| 041 ## - LANGUAGE CODE | |
| Language code of text/sound track or separate title | Sinhala; Sinhalese |
| 080 ## - UNIVERSAL DECIMAL CLASSIFICATION NUMBER | |
| Universal Decimal Classification number | ප්ර.අ |
| Item number | 6.9 |
| 942 ## - ADDED ENTRY ELEMENTS (KOHA) | |
| Koha item type | Books |
| 245 ## - TITLE STATEMENT | |
| Title | අධ්යාපන ප්රවෘත්ති - ජනවාරි 1936 දෙසැම්බර් 1936 කාණ්ඩ 12 |
| Remainder of title | කලාපය 1 |
| 250 ## - EDITION STATEMENT | |
| Edition statement | The education Gazette |
| 260 ## - PUBLICATION, DISTRIBUTION, ETC. (IMPRINT) | |
| Place of publication, distribution, etc. | කොළඹ |
| Name of publisher, distributor, etc. | ඇම්.ඩී.ගුණසේන |
| Date of publication, distribution, etc. | 1936-1936 |
| 300 ## - PHYSICAL DESCRIPTION | |
| Extent | 296p. : 24 cm |
| 500 ## - GENERAL NOTE | |
| General note | Newspaper |
| 650 ## - SUBJECT ADDED ENTRY--TOPICAL TERM | |
| Topical term or geographic name as entry element | ඇම්.ඩී.ගුණසේන |
| 650 ## - SUBJECT ADDED ENTRY--TOPICAL TERM | |
| Topical term or geographic name as entry element | අධ්යාපන ප්රවෘත්ති - ජනවාරි 1936 දෙසැම්බර් 1936 කාණ්ඩ 12 |
| 650 ## - SUBJECT ADDED ENTRY--TOPICAL TERM | |
| Topical term or geographic name as entry element | ප්ර.අ6.9 |
| Withdrawn status | Lost status | Damaged status | Not for loan | Collection code | Permanent Location | Current Location | Shelving location | Date acquired | Full call number | Barcode | Koha item type |
|---|---|---|---|---|---|---|---|---|---|---|---|
| Damaged | Old Books Collection | Library National Museum Colombo - Sri Lanka | Library National Museum Colombo - Sri Lanka | Reference | 2024-10-10 | ප්ර.අ 6.9 | OJP3027 | Books |


